| 000 | 00832cam a2200253 i 4500 | ||
|---|---|---|---|
| 999 |
_c200447192 _d65404 |
||
| 003 | TR-AnTOB | ||
| 005 | 20230303094751.0 | ||
| 007 | ta | ||
| 008 | 220207s2002 tu 000 0 tur d | ||
| 040 |
_aTR-AnTOB _beng _erda _cTR-AnTOB |
||
| 041 | 0 | _atur | |
| 050 | 1 | 4 |
_aHD9330.M322 _bM35 2002 |
| 090 |
_aTOBBK HD9330.M322 _bM35 2002 |
||
| 245 | 0 | 0 |
_aMakarna değerlendirme raporu / _cOrta Anadolu İhracatçı Birlikleri Genel Sekreterliği. |
| 264 | 1 |
_aAnkara : _bOrta Anadolu ıhracatçı Birlikleri Genel Sekreterliği, _c2002. |
|
| 300 |
_a37 pages ; _c29 cm |
||
| 336 |
_atext _btxt _2rdacontent |
||
| 337 |
_aunmediated _bn _2rdamedia |
||
| 338 |
_avolume _bnc _2rdacarrier |
||
| 650 | 7 |
_aMakarna endüstrisi _2etuturkob _9131364 |
|
| 942 |
_2z _cBK |
||